Statistics for Korean Foods

Click here to take the quiz!

General Stats

  • This quiz has been taken 124 times
  • The average score is 13 of 30

Answer Stats

DescriptionAnswer% Correct
Staple side dish of fermented cabbageKimchi
100%
Korean version of sushiGimbap
87%
Warm rice bowl mixed with meat and/or vegetables that is topped with an eggBibimbap
81%
Korean spelling of the Japanese 'ramen' noodles; this version is usually cooked instantlyRamyun
76%
Cylindrical rice cakes cooked in a spicy sauce, typically with fish cakesTteokbokki
73%
Clear alcoholic spirit that can be flavoured with various fruitsSoju
71%
Fatty part of a pig's body that is often grilled and dipped in sesame oil in Korean barbecuePork {belly} (samgyeopsal)
62%
Black bean noodle dish typically topped with pork and vegetablesJjajangmyeon
60%
Sweet and very mildly spicy red fermented soybean pasteGochujang
57%
Skewered American snack served in Korea with a sugar coating and/or cheese fillingCorn dog
56%
Slightly sweet savoury dish of stir-fried glass noodles with vegetablesJapchae
48%
Northern dish of grilled and marinated thin meat (typically beef) stripsBulgogi
46%
The meat of this pig breed (named after a Korean island) is a delicacy due to its unique taste{Jeju} black pig
45%
Fried American food introduced during the Korean war; its Korean version has become very popularFried chicken
44%
Stew based on no. 1 and other ingredients such as tofuKimchi-jjigae
44%
Milk-based shaved ice dessert with several varations of sweet toppings such as condensed milk and red beanBingsu
41%
Root milder than ginger that is commonly used in food and medicine in China and KoreaGinseng
41%
Spicy dipping paste typically enjoyed when wrapped with the above meat in perilla leavesSsamjang
37%
Sweet, filled pancake of Chinese origin that is a popular street food in KoreaHotteok
33%
Blood sausage made from pig or cow intestines that shares its name with a type of ice creamSundae
33%
Fruit punch bowl that can be garnished with edible flower petalsHwachae
26%
Amalgamation of the words ramen and udon; comfort dish shown in the Netflix movie 'Parasite'Ramdon
24%
Fried fishcakes often served on a skewerEomuk
22%
A soup comprising dried cabbage, vegetables and meat in a beef broth is used to cure thisHaejang-guk ({hangover} soup)
21%
Sweet rice drink that can be served as a dessertSikhye
18%
A South Korean brand produces this banana flavoured milk that looks like a giant yakult bottleBinggrae milk
16%
Northern, savoury thin noodle dish that is served coldPyongyang raengmyon
15%
Marinated eggs whose nickname refers to their addictivenessMayak ({drug}) eggs
13%
Fruit syrup typically prepared using equal parts fresh fruit and sugarCheong
7%
Duck soup that is a speciality of the city of GwangjuOri tang
4%

Score Distribution

Percentile by Number Answered

Percent of People with Each Score

Your Score History

You have not taken this quiz